Strategic management: an intergrated approach. / (Record no. 3113)
[ view plain ]
| 000 -LEADER | |
|---|---|
| fixed length control field | 00947nam a22001817a 4500 |
| 008 - FIXED-LENGTH DATA ELEMENTS--GENERAL INFORMATION | |
| fixed length control field | 140709b xxu||||| |||| 00| 0 eng d |
| 020 ## - INTERNATIONAL STANDARD BOOK NUMBER | |
| International Standard Book Number | 0618147209 |
| 050 ## - LIBRARY OF CONGRESS CALL NUMBER | |
| Classification number | HD70.U5 H54 |
| 100 ## - MAIN ENTRY--PERSONAL NAME | |
| Personal name | Hill, Charles L.W. |
| 245 ## - TITLE STATEMENT | |
| Title | Strategic management: an intergrated approach. / |
| Statement of responsibility, etc. | Charles L.W.Hill and Jones Gareth R.Jones |
| 250 ## - EDITION STATEMENT | |
| Edition statement | 5th ed. |
| 260 ## - PUBLICATION, DISTRIBUTION, ETC. | |
| Name of publisher, distributor, etc. | Houghton Mifflin: |
| Date of publication, distribution, etc. | 2001. |
| Place of publication, distribution, etc. | Boston: |
| 300 ## - PHYSICAL DESCRIPTION | |
| Extent | xxxi,512p.: |
| Other physical details | ill.; |
| Dimensions | 26cm. |
| 500 ## - GENERAL NOTE | |
| General note | Includes index. |
| 505 ## - FORMATTED CONTENTS NOTE | |
| Formatted contents note | Contents:U.S economy remains largely independent -- Friction-full capitalism -- Social responsibility indicates good management -- The Slow burn of the technology market -- Contents ownership facilitates knowledge innovation -- When layoffs hurt productivity -- Stock option:cost of benefit? -- Gauging online communities accurately -- Managing a heterogeneous workforce -- Pay attention to gender for effective training |
| 700 ## - ADDED ENTRY--PERSONAL NAME | |
| Personal name | Jones Gareth R |
| 942 ## - ADDED ENTRY ELEMENTS (KOHA) | |
| Source of classification or shelving scheme | Library of Congress Classification |
| Koha item type | Books |
| Withdrawn status | Lost status | Source of classification or shelving scheme | Damaged status | Not for loan | Home library | Current library | Shelving location | Date acquired | Total Checkouts | Full call number | Barcode | Date last seen | Copy number | Price effective from | Koha item type |
|---|---|---|---|---|---|---|---|---|---|---|---|---|---|---|---|
| Library of Congress Classification | WISCONSIN INTERNATIONAL UNIVERSITY COLLEGE, GHANA - MAIN LIBRARY | WISCONSIN INTERNATIONAL UNIVERSITY COLLEGE, GHANA - MAIN LIBRARY | Reference | 09/07/2014 | HD70.U5H54 | 7281/306/13 | 09/07/2014 | 1 | 09/07/2014 | Books |
